La Jeunesse de Moliére

Salvato in:
Dettagli Bibliografici
Autore principale: Michaut, G.
Natura: Libro
Lingua:Undetermined
Pubblicazione: Génova, Italia Slatkine Reprints 1968
Soggetti:
Tags: Aggiungi Tag
Nessun Tag, puoi essere il primo ad aggiungerne!!

MARC

LEADER 00000nam a2200000Ia 4500
008 170316s9999 xx 000 0 und d
040 |a cru BVZT 
090 |a 840 M-19j 
100 |a Michaut, G. 
245 |a La Jeunesse de Moliére 
260 |a Génova, Italia 
260 |b Slatkine Reprints 
260 |c 1968 
300 |a 254 páginas 
650 |a LITERATURA FRANCESA 
999 |c 7811  |d 7811 
942 |c 15 D  |h 840 M-19j  |2 z